000 00781nam a2200229Ia 4500
003 CO-CtgCURN
005 20250408174440.0
008 190723s9999 xx 000 0 und d
020 _a958690797X
040 _aCO-CtgCURN
_bspa
_ccoctgcurn
082 _a343.036
_bH565d
100 _aHerrera Matiz, Cristobal
245 0 _aDistribución de competencias y recursos territoriales /
_cCristobal Herrera Matiz
250 _a5 edición
260 _aBogotá, Colombia :
_bLeyer,
_c2005
300 _a351 páginas ;
_c21 centímetros
521 _aAREA PROFESIONAL
590 _aPrograma de Derecho_18
650 _aDerecho administrativo
_zColombia
942 _cBK
_h343.036
_iH565d
_2ddc
_n0
999 _c28573
_d28573